[Event "Niedersachsen-ch"]
[Site "Verden"]
[Date "2010.01.03"]
[Round "3.6"]
[White "Kaphle, Sebastian"]
[Black "Helmer, Christoph"]
[Result "1-0"]
[WhiteElo "2152"]
[BlackElo "1897"]
[PlyCount "113"]
[EventDate "2010.01.??"]
[EventType "swiss"]
[EventRounds "9"]
[EventCountry "GER"]
[SourceDate "2005.10.24"]

1. e4 c5 2. Nf3 d6 3. d4 cxd4 4. Nxd4 Nf6 5. Nc3 g6 6. Be3 Bg7 7. f3 O-O 8. Qd2
Nc6 9. g4 Be6 10. O-O-O Nxd4 11. Bxd4 Qa5 12. a3 Rab8 13. h4 b5 14. Nd5 Qxd2+
15. Rxd2 Nxd5 16. exd5 Bxd4 17. Rxd4 Bd7 18. Bd3 Rbc8 19. Re1 Rfe8 20. Kd2 Rc5
21. b4 Rc7 {(=)} 22. Rde4 Kf8 23. h5 a6 24. h6 Bc8 25. a4 bxa4 26. Ra1 Bb7 27.
Rd4 Rec8 28. Rxa4 f6 29. c4 Kf7 30. Ra1 Kf8 31. Re1 Kf7 32. Rde4 Rb8 33. R4e2 {
"Tee2" läßt die gute Absicht erkennen, hilft jedoch nicht weiter.} Bc8 34. Kc3
Bb7 35. Kd4 Rd8 36. Bb1 Kf8 37. Ba2 Ba8 38. Re3 Kf7 39. f4 Rb8 40. Rb1 Rcb7 41.
Kc3 Rc7 42. c5 Kf8 43. c6 Bb7 44. f5 g5 45. Bc4 Bc8 46. Ra1 Rb6 47. Ra5 Ke8 48.
Re1 Kd8 49. Rea1 Ra7 50. b5 Kc7 51. bxa6 Kd8 52. R5a3 Kc7 53. Ra4 Kd8 54. Rb4
Kc7 55. Rxb6 Kxb6 56. Rb1+ Kc7 57. Rb7+ 1-0

[Event "Niedersachsen-ch"]
[Site "Verden"]
[Date "2010.01.03"]
[Round "3.7"]
[White "Woellermann, Jan"]
[Black "Markgraf, Stefan"]
[Result "1/2-1/2"]
[WhiteElo "2080"]
[BlackElo "2128"]
[PlyCount "157"]
[EventDate "2010.01.??"]
[EventType "swiss"]
[EventRounds "9"]
[EventCountry "GER"]
[SourceDate "2005.10.24"]

1. d4 e6 2. c4 Nf6 3. g3 d5 4. Nf3 b6 5. Bg2 c6 6. Nbd2 Nbd7 7. O-O Bb7 8. Qc2
Rc8 9. e4 dxe4 10. Nxe4 Nxe4 11. Qxe4 Nf6 12. Qc2 Be7 13. c5 bxc5 14. dxc5 Qa5
15. b4 Qd8 16. Bb2 O-O 17. Ng5 h6 18. Rfd1 Qe8 19. Bxf6 hxg5 20. Bxe7 Qxe7 21.
Rd6 Rc7 22. Rad1 Rfc8 23. Qe2 Qf6 24. R1d4 g6 25. Qd2 Kg7 26. h4 gxh4 27. Rxh4
Qe5 28. Qh6+ Kf6 29. Qf4+ Qxf4 30. Rxf4+ Ke7 31. Rh4 Ba6 32. Rhd4 Bb5 33. Rd1
Rb8 34. Ra1 Ba4 35. a3 Rd8 36. Rxd8 Kxd8 37. f4 Rd7 38. Kf2 Rd3 39. Bf3 Ke7 40.
Be2 Rc3 41. Bd1 Bxd1 42. Rxd1 Rxa3 43. Rd6 a5 44. bxa5 Rxa5 45. Rxc6 Kd7 46.
Rd6+ Kc7 47. g4 Rxc5 48. Ra6 Kd7 49. Ra7+ Rc7 50. Ra3 Ke7 51. Kf3 Rc5 52. g5
Rf5 53. Kg4 e5 54. fxe5 Rxe5 55. Ra7+ Kf8 56. Ra8+ Re8 57. Ra4 Re7 58. Ra8+ Kg7
59. Ra4 f6 60. gxf6+ Kxf6 61. Ra6+ Kg7 62. Kg5 Re5+ 63. Kf4 Rb5 64. Kg4 Kh6 65.
Kh4 Rb4+ 66. Kg3 Kh5 67. Ra5+ g5 68. Ra3 Re4 69. Rc3 Re1 70. Ra3 Rg1+ 71. Kh2
Re1 72. Kg3 Kg6 73. Ra6+ Kf5 74. Ra5+ Re5 75. Rxe5+ Kxe5 76. Kg4 Kf6 77. Kg3
Kf5 78. Kf3 g4+ 79. Kg3 1/2-1/2

[Event "Niedersachsen-ch"]
[Site "Verden"]
[Date "2010.01.03"]
[Round "3.8"]
[White "Heinemann, Ernst"]
[Black "Kuberczyk, Christoph"]
[Result "1-0"]
[WhiteElo "2199"]
[BlackElo "1923"]
[PlyCount "71"]
[EventDate "2010.01.??"]
[EventType "swiss"]
[EventRounds "9"]
[EventCountry "GER"]
[SourceDate "2005.10.24"]

1. e4 c5 2. Nf3 d6 3. d4 cxd4 4. Qxd4 Nc6 5. Bb5 Bd7 6. Bxc6 Bxc6 7. c4 Nf6 8.
Nc3 g6 9. Qd3 Bg7 10. Nd4 O-O 11. O-O Rc8 12. b3 a6 13. Bb2 Qa5 14. Nd5 Bxd5
15. exd5 Rfe8 16. Rfe1 b5 17. Re2 bxc4 18. bxc4 Qc7 19. Nc6 e5 20. Rae1 Nh5 21.
Bc1 f5 22. f3 f4 23. Qb3 Qd7 24. Ba3 Kh8 25. Qb4 Bf8 26. Rb1 Rxc6 27. dxc6 Qxc6
28. c5 dxc5 29. Qc4 Qd6 30. Rbe1 Re6 31. Bb2 Bg7 32. Bc3 Bf6 33. Rd2 Qc6 34.
Rd5 Qb6 35. Qxc5 Qxc5+ 36. Rxc5 1-0

[Event "Niedersachsen-ch"]
[Site "Verden"]
[Date "2010.01.03"]
[Round "3.9"]
[White "Frank, Christian"]
[Black "Edel, Thomas"]
[Result "1/2-1/2"]
[WhiteElo "1987"]
[BlackElo "2074"]
[PlyCount "55"]
[EventDate "2010.01.??"]
[EventType "swiss"]
[EventRounds "9"]
[EventCountry "GER"]
[SourceDate "2005.10.24"]

1. d4 d5 2. c4 c6 3. Nf3 Nf6 4. Nc3 a6 5. e3 Bf5 6. Be2 e6 7. Nh4 Bg6 8. Nxg6
hxg6 9. Qc2 Nbd7 10. e4 Nxe4 11. Nxe4 dxe4 12. Qxe4 Bb4+ 13. Kf1 Nf6 14. Qe3
Qd7 15. a3 Bd6 16. g3 O-O 17. Kg2 Rfe8 18. Rd1 b5 19. b3 Rab8 20. Bb2 bxc4 21.
Bxc4 Nd5 22. Qd2 Qa7 23. Rac1 a5 {(=)} 24. h4 Be7 25. Rh1 Nf6 26. Qd3 Red8 27.
Qf3 Qb7 28. Rcd1 1/2-1/2

[Event "Niedersachsen-ch"]
[Site "Verden"]
[Date "2010.01.03"]
[Round "3.10"]
[White "Dan, Efim"]
[Black "Tonndorf, Matthias"]
[Result "0-1"]
[WhiteElo "2122"]
[BlackElo "2199"]
[PlyCount "72"]
[EventDate "2010.01.??"]
[EventType "swiss"]
[EventRounds "9"]
[EventCountry "GER"]
[SourceDate "2005.10.24"]

1. c4 c5 2. Nf3 b6 3. d4 cxd4 4. Nxd4 Bb7 5. Nc3 Nf6 6. f3 d6 7. e4 e6 8. Be3
Be7 9. Qd2 a6 10. Be2 Qc7 11. Rc1 Nbd7 12. O-O Rc8 13. Rfd1 Qb8 14. Bf1 Bd8 15.
b4 Bc7 16. g3 O-O 17. Nb3 Rfe8 18. Qf2 Ne5 19. a4 Nfd7 20. Be2 Bd8 21. Nb1 Ba8
22. N1d2 Nc6 23. c5 Nxb4 24. Nc4 Bc7 25. Nxd6 Bxd6 26. cxd6 Bc6 27. Qe1 a5 28.
Bb5 Bxb5 29. axb5 Rxc1 30. Bxc1 Qc8 31. Bb2 Qc2 32. Bxg7 Kxg7 33. Nd4 Qc5 34.
Kg2 Nc2 35. Qf2 Nxd4 36. Rxd4 e5 {
Zumindest wohl irgendwie so. Früher gab es 'mal Schreibschablonen...} 0-1

[Event "Niedersachsen-ch"]
[Site "Verden"]
[Date "2010.01.03"]
[Round "4.1"]
[White "Mueer, Sebastian"]
[Black "Plischki, Sebastian"]
[Result "0-1"]
[WhiteElo "2084"]
[BlackElo "2347"]
[PlyCount "77"]
[EventDate "2010.01.??"]
[EventType "swiss"]
[EventRounds "9"]
[EventCountry "GER"]
[SourceDate "2005.10.24"]

1. Nf3 d5 2. c4 d4 3. d3 Nc6 4. g3 e5 5. Bg2 Bb4+ 6. Bd2 a5 7. O-O Nf6 8. Na3
O-O 9. Nb5 h6 10. a3 Bxd2 11. Qxd2 a4 12. e3 Na5 13. Qb4 Nb3 14. Rad1 c6 15.
Nd6 c5 16. Nxb7 Qc7 17. Nxc5 Rb8 18. Qxa4 Qxc5 19. exd4 exd4 20. Nd2 Qb6 21. c5
Nxc5 22. Qxd4 Rd8 23. Qe3 Rxd3 24. Nc4 Rxe3 25. Nxb6 Re8 26. Nxc8 Rexc8 27. b4
Na4 28. Rc1 Nc3 29. Rc2 Kf8 30. Bf3 Nb5 31. Rxc8+ Rxc8 32. a4 Nd4 33. Bg2 Rc2
34. Ra1 Ng4 35. a5 Ne2+ 36. Kf1 Nxh2+ 37. Ke1 Nc3 38. Bf3 Nxf3+ 39. Kf1 0-1

[Event "Niedersachsen-ch"]
[Site "Verden"]
[Date "2010.01.03"]
[Round "4.2"]
[White "Prenzler, Daniel"]
[Black "Lubbe, Nikolas"]
[Result "1/2-1/2"]
[WhiteElo "2190"]
[BlackElo "2349"]
[PlyCount "62"]
[EventDate "2010.01.??"]
[EventType "swiss"]
[EventRounds "9"]
[EventCountry "GER"]
[SourceDate "2005.10.24"]

1. Nf3 d5 2. d3 c5 3. g3 Nc6 4. Bg2 e5 5. O-O f6 6. c4 d4 7. e3 dxe3 8. Bxe3
Be6 9. Qe2 Qd7 10. Rd1 g6 11. Nc3 Rd8 12. a3 b6 13. d4 cxd4 14. Bxd4 exd4 15.
Nxd4 Nxd4 16. Rxd4 Qxd4 17. Qxe6+ Be7 18. Bd5 Qe5 19. Qf7+ Kd7 20. Nb5 Kc8 21.
Nxa7+ Kc7 22. Nc6 Qxb2 23. Re1 Qd2 24. Re3 Rd7 25. Qe8 Rxd5 26. Qb8+ Kd7 27.
Qb7+ Kd6 28. Nxe7 Qd1+ 29. Kg2 Nxe7 30. Qxe7+ Kc6 31. cxd5+ Qxd5+ 1/2-1/2

[Event "Niedersachsen-ch"]
[Site "Verden"]
[Date "2010.01.03"]
[Round "4.3"]
[White "Lick, Patrick"]
[Black "Mueller, Fabian"]
[Result "1/2-1/2"]
[WhiteElo "2038"]
[BlackElo "2331"]
[PlyCount "154"]
[EventDate "2010.01.??"]
[EventType "swiss"]
[EventRounds "9"]
[EventCountry "GER"]
[SourceDate "2005.10.24"]

1. e4 c5 2. Nc3 Nc6 3. Bb5 Nd4 4. Nf3 Nxb5 5. Nxb5 a6 6. Nc3 d6 7. d4 cxd4 8.
Nxd4 Nf6 9. Be3 e5 10. Nb3 Be7 11. O-O O-O 12. f3 b5 13. Qd2 Qc7 14. Qf2 b4 15.
Na4 Be6 16. Nb6 Rab8 17. Rfd1 a5 18. c4 bxc3 19. Rac1 Bd8 20. Nd5 Bxd5 21. exd5
Qb7 22. bxc3 Nxd5 23. Kh1 h6 24. Bd2 a4 25. Na1 Bb6 26. Qg3 Be3 27. c4 Bxd2 28.
Rxd2 Nf4 29. Rcd1 Qc7 30. Qg4 Rb4 31. Nc2 f5 32. Qh4 Rxc4 33. Ne3 Rc3 34. Nd5
Nxd5 35. Rxd5 Rc4 36. Qh5 Rf6 37. Qe8+ Kh7 38. h3 Rc1 39. Qxa4 Rg6 40. Rxc1
Qxc1+ 41. Qd1 Qb2 42. Rd2 Qa3 43. Qc2 e4 44. fxe4 fxe4 45. Rd4 {(=)} d5 46.
Rxd5 Qe3 47. Qd2 Qg3 48. Qe2 Re6 49. Kg1 Re7 50. Rd1 Qc3 51. Qd2 Qc4 52. Qd5
Qc8 53. Qd8 Qc5+ 54. Qd4 Qf5 55. Qe3 Rc7 56. Rf1 Qd5 57. a3 Rc2 58. Re1 Rc4 59.
Rf1 Rd4 60. Re1 Qe5 61. Qe2 Qf5 62. Qe3 Ra4 63. Rf1 Qd5 64. Rc1 Qd6 65. Qc5 Qe6
66. Re1 Rc4 67. Qe3 Qd6 68. Rf1 Kg6 69. Kh1 Qd3 70. Qb6+ Kh7 71. Re1 Rc3 72. a4
e3 73. Qb5 Rc4 74. Qe5 Rc3 75. a5 Ra3 76. a6 Ra2 77. Qxe3 Qxe3 1/2-1/2

[Event "Niedersachsen-ch"]
[Site "Verden"]
[Date "2010.01.03"]
[Round "4.4"]
[White "Laubsch, Bernd"]
[Black "Kaphle, Sebastian"]
[Result "0-1"]
[WhiteElo "2299"]
[BlackElo "2152"]
[PlyCount "78"]
[EventDate "2010.01.??"]
[EventType "swiss"]
[EventRounds "9"]
[EventCountry "GER"]
[SourceDate "2005.10.24"]

1. e4 c5 2. Nf3 e6 3. b3 Nc6 4. Bb2 d6 5. Bb5 Bd7 6. O-O a6 7. Bxc6 Bxc6 8. Re1
Nf6 9. e5 Ng4 10. exd6 Bxd6 11. h3 Nf6 12. d4 O-O 13. Ne5 Bxe5 14. dxe5 Nd5 15.
Qg4 h5 16. Qxh5 Nf4 17. Qg4 Nxg2 18. Re4 Bxe4 19. Qxe4 Nh4 20. Nc3 Qg5+ 21. Kh1
Nf5 22. Rg1 Qh5 23. Qg2 Kh8 24. Ne4 Qh6 25. Qf3 Rad8 26. Bc1 Qh7 27. Ng5 Qh4
28. Rg4 Qh5 29. Be3 Nh6 30. Rg3 Qxf3+ 31. Rxf3 b6 32. Ne4 Nf5 33. Nc3 Rd7 34.
Na4 Rb8 35. Rf4 Rd1+ 36. Kg2 Nxe3+ 37. fxe3 Rd2+ 38. Kf3 Rxc2 39. Rxf7 b5 0-1

[Event "Niedersachsen-ch"]
[Site "Verden"]
[Date "2010.01.03"]
[Round "4.5"]
[White "Schulz, Jens"]
[Black "Heinemann, Ernst"]
[Result "1/2-1/2"]
[WhiteElo "2131"]
[BlackElo "2199"]
[PlyCount "97"]
[EventDate "2010.01.??"]
[EventType "swiss"]
[EventRounds "9"]
[EventCountry "GER"]
[SourceDate "2005.10.24"]

1. e4 c6 2. d4 d5 3. e5 g6 4. Nc3 Bg7 5. Nge2 b6 6. Nf4 e6 7. h4 h5 8. b4 Bf8
9. a3 a5 10. b5 c5 11. Nce2 Nd7 12. c3 Be7 13. Qd3 Nf8 14. Qg3 Nh6 15. Qf3 Nf5
16. g3 Bb7 17. Bh3 Qd7 18. a4 c4 {(=)} 19. Ba3 Ng7 20. Bxe7 Qxe7 21. Kd2 O-O-O
22. Kc2 Kb8 23. Kb2 Nf5 24. Rad1 Ng7 25. Ng2 Nd7 26. Qe3 Bc8 27. g4 hxg4 28.
Bxg4 Ka7 29. Nef4 Nh5 30. Bxh5 gxh5 31. Rde1 Rdg8 32. Qf3 Qf8 33. Nh3 f6 34.
exf6 Nxf6 35. Ng5 Ne4 36. Qxf8 Rxf8 37. f4 Nf2 38. Rhf1 Nd3+ 39. Kc2 Nxe1+ 40.
Nxe1 Rf6 41. Kd2 Bd7 42. Ke3 Be8 43. Nef3 Bg6 44. Rf2 Kb7 45. Ne5 Kc7 46. Nc6
Bf5 47. Ne5 Rg8 48. Nc6 Bg4 49. Rf1 1/2-1/2

[Event "Niedersachsen-ch"]
[Site "Verden"]
[Date "2010.01.03"]
[Round "4.6"]
[White "Hantak, Adam"]
[Black "Woellermann, Jan"]
[Result "1/2-1/2"]
[WhiteElo "2161"]
[BlackElo "2080"]
[PlyCount "168"]
[EventDate "2010.01.??"]
[EventType "swiss"]
[EventRounds "9"]
[EventCountry "GER"]
[SourceDate "2005.10.24"]

1. d4 Nf6 2. c4 e6 3. g3 d5 4. Bg2 Be7 5. Nf3 O-O 6. O-O dxc4 7. Qc2 a6 8. Qxc4
b5 9. Qc2 Bb7 10. Bd2 Be4 11. Qc1 Nbd7 12. Ba5 Rc8 13. Nbd2 Ba8 14. Qc2 Qe8 15.
b4 Nd5 16. a3 f5 17. e4 N5b6 18. Bxb6 cxb6 19. Qb3 Qf7 20. Ne5 Nxe5 21. dxe5
Rfd8 22. Rad1 a5 23. bxa5 bxa5 24. Qxb5 Rc5 25. Qb2 Bc6 26. exf5 Bxg2 27. fxe6
Qxe6 28. Kxg2 Rxe5 29. Nf3 Red5 30. Rfe1 Qf7 31. Rxd5 Rxd5 32. Ne5 Qe6 33. Nf3
Qf7 34. a4 Rd8 35. Qe5 Rd3 36. Qxe7 Qxf3+ 37. Kg1 h6 38. Qe8+ Kh7 39. Qe4+ Qxe4
40. Rxe4 Ra3 41. h4 Kg6 42. Rf4 h5 43. Kf1 Ra2 44. Ke1 Kh6 45. Kd1 g5 46. hxg5+
Kxg5 47. Ke1 Kh6 48. Kf1 Kg5 49. Kg2 Ra3 50. Rc4 Kg6 51. Rc6+ Kg7 52. Rc4 Kg6
53. Kh3 Ra1 54. Rd4 Kh6 55. g4 Ra3+ 56. Kh4 hxg4 57. Kxg4 Kg6 58. f4 Kf6 59.
Rc4 Ra1 60. Kf3 Ke6 61. Re4+ Kf6 62. Rd4 Ke6 63. Ke3 Ra3+ 64. Ke4 Ra2 65. Rc4
Ra1 66. Kd4 Kd6 67. f5 Re1 68. Rc3 Ra1 69. Rc4 Re1 70. Kd3 Re5 71. Rf4 Ke7 72.
Kd4 Re1 73. f6+ Kf7 74. Kc5 Rb1 75. Rd4 Kxf6 76. Rd6+ Ke7 77. Ra6 Kd7 78. Rxa5
Kc7 79. Ra6 Kb7 80. Rh6 Rc1+ 81. Kb5 Rc7 82. a5 Rg7 83. Rh5 Rf7 84. a6+ Ka7
1/2-1/2

[Event "Niedersachsen-ch"]
[Site "Verden"]
[Date "2010.01.03"]
[Round "4.7"]
[White "Tonndorf, Matthias"]
[Black "Frank, Christian"]
[Result "0-1"]
[WhiteElo "2199"]
[BlackElo "1987"]
[PlyCount "110"]
[EventDate "2010.01.??"]
[EventType "swiss"]
[EventRounds "9"]
[EventCountry "GER"]
[SourceDate "2005.10.24"]

1. e4 c5 2. Nf3 Nc6 3. d4 cxd4 4. Nxd4 Nf6 5. Nc3 e5 6. Ndb5 d6 7. Nd5 Nxd5 8.
exd5 Nb8 9. c4 a6 10. Qa4 Nd7 11. Qa3 Nb6 12. Nc3 Be7 13. Be3 f5 14. f3 Nd7 15.
Be2 O-O 16. O-O Rf6 17. b4 f4 18. Bf2 Rh6 19. c5 Bh4 20. g3 fxg3 21. hxg3 Rg6
22. Ne4 Nf6 23. Kh2 Qd7 24. Rh1 Bxg3+ 25. Kg2 Bh2+ 26. Kf1 Qh3+ 27. Ke1 Nxe4
28. Bf1 Qf5 29. Rxh2 Qf4 30. fxe4 Qxh2 31. cxd6 Qf4 32. Qe3 Qf6 33. Rc1 Qxd6
34. Qc5 Bd7 35. Qxd6 Rxd6 36. Rc7 Rc8 37. Rxc8+ Bxc8 38. Bg3 Rd8 39. Kd2 Kf7
40. Kc3 Kf6 41. Kc4 b6 42. Bf2 Rd6 43. a4 a5 44. Kb3 axb4 45. Kxb4 Bg4 46. Kc3
Bf3 47. Bd3 g5 48. Kd2 h5 49. Ke3 Bd1 50. Bb5 Bc2 51. Be8 h4 52. Kf3 Ke7 53.
Bc6 Rf6+ 54. Ke2 h3 55. Bg3 Kd6 0-1

[Event "Niedersachsen-ch"]
[Site "Verden"]
[Date "2010.01.03"]
[Round "4.8"]
[White "Markgraf, Stefan"]
[Black "Neumair, Jerome"]
[Result "1/2-1/2"]
[WhiteElo "2128"]
[BlackElo "2013"]
[PlyCount "66"]
[EventDate "2010.01.??"]
[EventType "swiss"]
[EventRounds "9"]
[EventCountry "GER"]
[SourceDate "2005.10.24"]

1. e4 e6 2. d4 d5 3. Nc3 Bb4 4. e5 c5 5. a3 Bxc3+ 6. bxc3 Ne7 7. a4 Qc7 8. Ne2
b6 9. Bb2 Ba6 10. Ng3 Bxf1 11. Nxf1 Nbc6 12. Ne3 O-O 13. O-O Rac8 14. f4 Na5
15. Qd3 cxd4 16. cxd4 Nc4 17. Nxc4 Qxc4 18. Rfc1 Rfd8 19. Kf2 Rd7 20. Qxc4 Rxc4
21. Ke2 Rdc7 22. Kd3 Nc6 23. c3 Na5 24. Ra2 Rc8 25. Rc2 Kf8 26. Bc1 Ke8 27. Bd2
Kd7 28. Bc1 R8c7 29. Rf2 Kc8 30. g4 h6 31. f5 exf5 32. gxf5 R4c6 33. Bd2 Nb3
1/2-1/2

[Event "Niedersachsen-ch"]
[Site "Verden"]
[Date "2010.01.03"]
[Round "4.9"]
[White "Edel, Thomas"]
[Black "Helmer, Christoph"]
[Result "0-1"]
[WhiteElo "2074"]
[BlackElo "1897"]
[PlyCount "88"]
[EventDate "2010.01.??"]
[EventType "swiss"]
[EventRounds "9"]
[EventCountry "GER"]
[SourceDate "2005.10.24"]

1. d4 Nf6 2. Nf3 g6 3. Nbd2 Bg7 4. e4 d6 5. Bd3 O-O 6. O-O Nbd7 7. Re1 e5 8. c3
c6 9. a4 Re8 10. Nc4 Qc7 11. b3 d5 12. Ncxe5 dxe4 13. Bc4 Nxe5 14. Nxe5 Nd5 15.
f4 Be6 16. Bd2 f6 17. Bxd5 cxd5 18. Ng4 h5 19. Nf2 Rac8 20. Qe2 a6 21. Kh1 Qd7
22. h3 Kf7 23. Nd1 Rh8 24. Ne3 {(=)} Bf8 25. Rf1 h4 26. Qf2 Rh5 27. Qe2 f5 28.
Rg1 Bd6 29. Rgf1 Bb8 30. b4 Rh7 31. Qf2 Qd6 32. Rab1 Rg8 33. Nd1 g5 34. Rb2 b6
35. Qg1 g4 36. Qf2 gxh3 37. gxh3 Rg3 38. Kh2 Rhg7 39. Qe2 Rg2+ 40. Qxg2 Rxg2+
41. Kxg2 Bd7 42. Be1 Bxa4 43. Ne3 Bb5 44. Nxf5 Qg6+ 0-1

[Event "Niedersachsen-ch"]
[Site "Verden"]
[Date "2010.01.03"]
[Round "4.10"]
[White "Kuberczyk, Christoph"]
[Black "Dan, Efim"]
[Result "1-0"]
[WhiteElo "1923"]
[BlackElo "2122"]
[PlyCount "51"]
[EventDate "2010.01.??"]
[EventType "swiss"]
[EventRounds "9"]
[EventCountry "GER"]
[SourceDate "2005.10.24"]

1. e4 c5 2. Nf3 Nc6 3. d4 cxd4 4. Nxd4 Nf6 5. Nc3 d6 6. Bg5 Qb6 7. Nb3 e6 8.
Qd2 a6 9. O-O-O Bd7 10. f4 O-O-O 11. Be2 Be8 12. Bf3 Be7 13. Kb1 Na5 14. Nxa5
Qxa5 15. Nd5 Qxd2 16. Nxe7+ Kd7 17. Rxd2 Kxe7 18. e5 dxe5 19. fxe5 Bc6 20. Bxc6
bxc6 21. Rxd8 Rxd8 22. Rf1 Ke8 23. exf6 gxf6 24. Bxf6 Rd2 25. Kc1 Rd5 26. Rd1
1-0

[Event "Niedersachsen-ch"]
[Site "Verden"]
[Date "2010.01.04"]
[Round "5.1"]
[White "Plischki, Sebastian"]
[Black "Kaphle, Sebastian"]
[Result "1/2-1/2"]
[WhiteElo "2347"]
[BlackElo "2152"]
[PlyCount "92"]
[EventDate "2010.01.??"]
[EventType "swiss"]
[EventRounds "9"]
[EventCountry "GER"]
[SourceDate "2005.10.24"]

1. d4 Nf6 2. c4 c5 3. Nf3 cxd4 4. Nxd4 e5 5. Nb5 d5 6. cxd5 Qa5+ 7. N5c3 b5 8.
Nd2 b4 9. Nce4 Nxe4 10. Nxe4 Bb7 11. g3 f5 12. Ng5 Qxd5 13. Qxd5 Bxd5 14. e4
Bb7 15. Bg2 Nd7 16. O-O g6 17. Re1 Bd6 18. exf5 Bxg2 19. Kxg2 gxf5 20. Bf4 Ke7
21. Nf3 Ke6 22. Nxe5 Nxe5 23. Bxe5 Bxe5 24. f4 Rac8 25. Rxe5+ Kf6 26. Rd1 Rhd8
27. Rxd8 Rxd8 28. Re2 b3 29. axb3 Rd3 30. Kf2 Rxb3 31. Ke1 h5 32. Kf2 h4 33.
Kg2 hxg3 34. hxg3 a5 35. Kh3 a4 36. Rc2 a3 37. bxa3 Rxa3 38. Rc6+ Kg7 39. Kh4
Rf3 40. Rb6 Kf7 41. Kg5 Rxg3+ 42. Kxf5 Ra3 43. Rb7+ Kf8 44. Kg5 Ra5+ 45. f5 Ra6
46. f6 Ra8 1/2-1/2

[Event "Niedersachsen-ch"]
[Site "Verden"]
[Date "2010.01.04"]
[Round "5.2"]
[White "Mueer, Sebastian"]
[Black "Prenzler, Daniel"]
[Result "1-0"]
[WhiteElo "2084"]
[BlackElo "2190"]
[PlyCount "35"]
[EventDate "2010.01.??"]
[EventType "swiss"]
[EventRounds "9"]
[EventCountry "GER"]
[SourceDate "2005.10.24"]

1. Nf3 Nf6 2. c4 e6 3. g3 a6 4. Bg2 b5 5. b3 c5 6. Nc3 Qa5 7. O-O Bb7 8. e3 Bc6
9. Bb2 bxc4 10. bxc4 Qb4 11. Rb1 Qxc4 12. Ne5 Qb4 13. Nxc6 Nxc6 14. Ne4 Qa5 15.
Bxf6 gxf6 16. Nxf6+ Kd8 17. Nxd7 Kxd7 18. Bxc6+ 1-0

[Event "Niedersachsen-ch"]
[Site "Verden"]
[Date "2010.01.04"]
[Round "5.3"]
[White "Lubbe, Nikolas"]
[Black "Lick, Patrick"]
[Result "1-0"]
[WhiteElo "2349"]
[BlackElo "2038"]
[PlyCount "45"]
[EventDate "2010.01.??"]
[EventType "swiss"]
[EventRounds "9"]
[EventCountry "GER"]
[SourceDate "2005.10.24"]

1. e4 c5 2. Nf3 d6 3. d4 cxd4 4. Nxd4 Nf6 5. Nc3 g6 6. Be3 Bg7 7. f3 O-O 8. Qd2
Nc6 9. O-O-O d5 10. exd5 Nxd5 11. Nxc6 bxc6 12. Bd4 Bxd4 13. Qxd4 Be6 14. Bc4
Qc7 15. Bxd5 Bxd5 16. h4 Rfd8 17. Qe3 Rab8 18. b3 f5 19. h5 e6 20. Nxd5 exd5
21. hxg6 hxg6 22. Rh6 Qg7 23. Qe6+ 1-0

[Event "Niedersachsen-ch"]
[Site "Verden"]
[Date "2010.01.04"]
[Round "5.4"]
[White "Mueller, Fabian"]
[Black "Laubsch, Bernd"]
[Result "0-1"]
[WhiteElo "2331"]
[BlackElo "2299"]
[PlyCount "64"]
[EventDate "2010.01.??"]
[EventType "swiss"]
[EventRounds "9"]
[EventCountry "GER"]
[SourceDate "2005.10.24"]

1. d4 Nf6 2. c4 g6 3. Nc3 d5 4. cxd5 Nxd5 5. e4 Nxc3 6. bxc3 Bg7 7. Qa4+ Nc6 8.
Nf3 O-O 9. Be2 Bd7 10. Qa3 b6 11. Bg5 h6 12. Be3 Kh7 13. Rd1 e6 14. O-O Qe7 15.
Qxe7 Nxe7 16. Bf4 Rfe8 17. Bxc7 Rac8 18. Bd6 Rxc3 19. Ba6 Rc6 20. Bb4 Rc2 21.
a3 Ba4 22. Ne5 Nc6 23. Nxc6 Rxc6 24. d5 exd5 25. exd5 Rc7 26. d6 Rd7 27. Rc1
Bf8 28. Rc7 Red8 29. h4 Kg8 30. Bc4 Rxc7 31. dxc7 Rc8 32. Rc1 Rxc7 0-1

[Event "Niedersachsen-ch"]
[Site "Verden"]
[Date "2010.01.04"]
[Round "5.5"]
[White "Heinemann, Ernst"]
[Black "Woellermann, Jan"]
[Result "1-0"]
[WhiteElo "2199"]
[BlackElo "2080"]
[PlyCount "111"]
[EventDate "2010.01.??"]
[EventType "swiss"]
[EventRounds "9"]
[EventCountry "GER"]
[SourceDate "2005.10.24"]

1. e4 c5 2. Nf3 e6 3. Nc3 Nc6 4. Bb5 Nd4 5. O-O a6 6. Bd3 Nc6 7. Re1 g5 8. Kh1
Bg7 9. Bf1 h6 10. d3 d6 11. Be3 e5 12. Nd2 Nge7 13. Be2 O-O 14. Bg4 f5 15. exf5
Bxf5 16. Bxf5 Nxf5 17. Nd5 Nce7 18. c4 Nxd5 19. cxd5 b5 20. Ne4 Qd7 21. Qh5 Ne7
22. h4 Nxd5 23. hxg5 hxg5 24. Bxg5 Rae8 25. g4 Re6 26. Kg2 Qe8 27. Rh1 Qxh5 28.
Rxh5 Rg6 29. f3 Nb4 30. Rd1 Kf7 31. f4 exf4 32. Bxf4 Ke7 33. Kg3 Bxb2 34. Rh7+
Ke6 35. Bxd6 Rfg8 36. g5 Be5+ 37. Bxe5 Kxe5 38. Re7+ Re6 39. Rxe6+ Kxe6 40. Kg4
Ke5 41. Nxc5 Kd4 42. Ne6+ Kc3 43. d4 Nxa2 44. d5 Nb4 45. d6 Kc2 46. Rd4 Nc6 47.
Rd5 Nd8 48. Kf5 b4 49. Rc5+ Kd1 50. Rc8 b3 51. Nxd8 b2 52. Rb8 Rxd8 53. Rxb2
Rxd6 54. g6 Rd3 55. Ra2 Rf3+ 56. Ke6 1-0

[Event "Niedersachsen-ch"]
[Site "Verden"]
[Date "2010.01.04"]
[Round "5.6"]
[White "Helmer, Christoph"]
[Black "Hantak, Adam"]
[Result "1/2-1/2"]
[WhiteElo "1897"]
[BlackElo "2161"]
[PlyCount "37"]
[EventDate "2010.01.??"]
[EventType "swiss"]
[EventRounds "9"]
[EventCountry "GER"]
[SourceDate "2005.10.24"]

1. d4 d6 2. c4 e5 3. dxe5 dxe5 4. Qxd8+ Kxd8 5. Nf3 f6 6. Nc3 Be6 7. b3 c6 8.
g3 Nd7 9. Bg2 Kc7 10. Bb2 Ne7 11. O-O Nc8 12. Rfd1 Ncb6 13. Rac1 Bf7 14. Ne4
Rd8 15. Nh4 Nc5 16. Rxd8 Kxd8 17. Rd1+ Kc7 18. h3 Bg6 19. Nxg6 1/2-1/2

[Event "Niedersachsen-ch"]
[Site "Verden"]
[Date "2010.01.04"]
[Round "5.7"]
[White "Frank, Christian"]
[Black "Schulz, Jens"]
[Result "1-0"]
[WhiteElo "1987"]
[BlackElo "2131"]
[PlyCount "57"]
[EventDate "2010.01.??"]
[EventType "swiss"]
[EventRounds "9"]
[EventCountry "GER"]
[SourceDate "2005.10.24"]

1. d4 Nf6 2. c4 c5 3. d5 e6 4. Nc3 exd5 5. cxd5 d6 6. e4 g6 7. h3 Bg7 8. Nf3
O-O 9. Bd3 b5 10. Bxb5 Nxe4 11. Nxe4 Qa5+ 12. Nfd2 Qxb5 13. Nxd6 Qa6 14. N2c4 {
Sdc4 ist ja gut gemeint...} Rd8 15. Bf4 Bf8 16. Qe2 Nd7 17. Bg5 Bxd6 18. Bxd8
Bb7 19. Bh4 Bf8 20. b3 Bxd5 21. O-O Nb6 22. Rac1 Bc6 23. Rfe1 Nxc4 24. bxc4 Re8
25. Qc2 Qc8 26. Qd2 Bb7 27. Rxe8 Qxe8 28. Re1 Qc6 29. f3 1-0

[Event "Niedersachsen-ch"]
[Site "Verden"]
[Date "2010.01.04"]
[Round "5.8"]
[White "Neumair, Jerome"]
[Black "Kuberczyk, Christoph"]
[Result "1/2-1/2"]
[WhiteElo "2013"]
[BlackElo "1923"]
[PlyCount "110"]
[EventDate "2010.01.??"]
[EventType "swiss"]
[EventRounds "9"]
[EventCountry "GER"]
[SourceDate "2005.10.24"]

1. d4 f5 2. e4 fxe4 3. Nc3 Nf6 4. Bg5 Nc6 5. d5 Ne5 6. Qd4 Nf7 7. Bxf6 exf6 8.
Nxe4 Be7 9. Ng3 d6 10. Bd3 O-O 11. f4 Nh6 12. f5 c5 13. Qe4 b5 14. c3 c4 15.
Bc2 Re8 16. N1e2 {Sge2 ist auch hier wenig hilfreich.} Bf8 17. Qd4 Bb7 18. O-O
Re5 19. Nf4 Qb6 20. Rad1 Ng4 21. Rfe1 Ne3 22. Rxe3 Rxe3 23. Be4 Qxd4 24. cxd4
Re8 25. Ne6 b4 26. Kf2 Rxe4 27. Nxe4 Bxd5 28. Nc7 Rxe4 29. Nxd5 a5 30. Kf3 Re8
31. Rc1 Rc8 32. Ke2 g6 33. fxg6 hxg6 34. Kd1 f5 35. Nb6 Re8 36. Rxc4 Re4 37. d5
Re5 38. Rd4 Bg7 39. Nc4 Re8 40. Rd2 Be5 41. Re2 Kf7 42. Nxa5 Ra8 43. Nc6 Rxa2
44. Nxe5+ dxe5 45. Kc2 e4 46. Kb3 Ra5 47. d6 Rd5 48. Kxb4 Rxd6 49. Kc5 Ke6 50.
b4 Rd5+ 51. Kc6 Rd6+ 52. Kc5 Rd5+ 53. Kc4 Ke5 54. g3 {(=)} g5 55. b5 f4 1/2-1/2